[Event "RUS-CHN Match Standard"]
[Site "Sochi RUS"]
[Date "2009.08.15"]
[Round "1"]
[White "Timofeev, Arty"]
[Black "Zhou Jianchao"]
[Result "1/2-1/2"]
[WhiteElo "2681"]
[BlackElo "2623"]
[PlyCount "48"]
[EventDate "2009.08.15"]
[EventType "schev"]

1. c4 e5 2. Nc3 Nf6 3. g3 Bb4 4. Bg2 O-O 5. Qb3 Bxc3 6. Qxc3 Re8 7. d3 Nc6 8.
Nf3 e4 9. Nd4 Nxd4 10. Qxd4 exd3 11. e3 d5 12. cxd5 c6 13. O-O Nxd5 14. Rd1 Nf6
15. Qxd3 Qxd3 16. Rxd3 Bf5 17. Rd1 Rad8 18. Re1 Ne4 19. g4 Bc8 20. f3 Nc5 21.
Bf1 Nd3 22. Rd1 Ne5 23. Rxd8 Rxd8 24. Kf2 Nd3+ 1/2-1/2

[Event "RUS-CHN Match Standard"]
[Site "Sochi RUS"]
[Date "2009.08.15"]
[Round "1"]
[White "Vitiugov, N."]
[Black "Bu Xiangzhi"]
[Result "1/2-1/2"]
[WhiteElo "2681"]
[BlackElo "2702"]
[PlyCount "68"]
[EventDate "2009.08.15"]
[EventType "schev"]

1. d4 Nf6 2. c4 e6 3. Nc3 Bb4 4. e3 O-O 5. Bd3 d5 6. Nf3 c5 7. O-O b6 8. cxd5
exd5 9. Ne5 Re8 10. a3 Bxc3 11. bxc3 Ba6 12. f3 Bxd3 13. Nxd3 Nc6 14. dxc5 Na5
15. cxb6 Qxb6 16. Nb4 Rac8 17. Nxd5 Nxd5 18. Qxd5 Red8 19. Qe4 Nb3 20. Rb1 Rxc3
21. Qe5 Rcd3 22. Re1 Qg6 23. e4 Nxc1 24. Rexc1 h6 25. Rb8 Rxb8 26. Qxb8+ Kh7
27. Qg3 Qb6+ 28. Qf2 Qa5 29. h4 Qxa3 30. Qc2 Qd6 31. e5 Qd4+ 32. Kf1 g6 33. Qc7
Qf4 34. Re1 Rxf3+ 1/2-1/2

[Event "RUS-CHN Match Standard"]
[Site "Sochi RUS"]
[Date "2009.08.15"]
[Round "1"]
[White "Nepomniachtchi, I."]
[Black "Ni Hua"]
[Result "1/2-1/2"]
[WhiteElo "2632"]
[BlackElo "2701"]
[PlyCount "60"]
[EventDate "2009.08.15"]
[EventType "schev"]

1. e4 c5 2. Nf3 Nc6 3. d4 cxd4 4. Nxd4 Nf6 5. Nc3 e5 6. Ndb5 d6 7. Bg5 a6 8.
Na3 b5 9. Nd5 Be7 10. Bxf6 Bxf6 11. c4 b4 12. Nc2 O-O 13. h4 a5 14. g3 Be6 15.
Bh3 a4 16. b3 Bxd5 17. cxd5 Nd4 18. Nxd4 exd4 19. O-O Re8 20. bxa4 Rxe4 21. Rc1
Re8 22. Rc4 d3 23. Qxd3 Rxa4 24. Rfc1 Ra3 25. Qc2 Bc3 26. Rc8 Qe7 27. Rxe8+
Qxe8 28. Bf1 g6 29. Bc4 Ra7 30. Qd3 Re7 1/2-1/2

[Event "RUS-CHN Match Standard"]
[Site "Sochi RUS"]
[Date "2009.08.16"]
[Round "2"]
[White "Bu Xiangzhi"]
[Black "Malakhov, V."]
[Result "1/2-1/2"]
[WhiteElo "2702"]
[BlackElo "2707"]
[PlyCount "65"]
[EventDate "2009.08.15"]
[EventType "schev"]

1. e4 c5 2. Nf3 Nc6 3. d4 cxd4 4. Nxd4 g6 5. c4 Nf6 6. Nc3 d6 7. Be2 Nxd4 8.
Qxd4 Bg7 9. Bg5 O-O 10. Qd2 Be6 11. Rc1 Qa5 12. f3 Rfc8 13. b3 a6 14. Na4 Qxd2+
15. Kxd2 Rc6 16. g4 Kf8 17. Nc3 Rac8 18. Nd5 Bxd5 19. cxd5 Rxc1 20. Rxc1 Rxc1
21. Kxc1 h6 22. Be3 g5 23. b4 Nd7 24. Kc2 Be5 25. h3 Ke8 26. Kb3 Kd8 27. Ka4
Kc7 28. a3 Bf4 29. Bd4 Be5 30. Bf2 f6 31. Ka5 Bb2 32. Ka4 Be5 33. Ka5 1/2-1/2

[Event "RUS-CHN Match Standard"]
[Site "Sochi RUS"]
[Date "2009.08.16"]
[Round "2"]
[White "Ni Hua"]
[Black "Timofeev, Arty"]
[Result "1-0"]
[WhiteElo "2701"]
[BlackElo "2681"]
[PlyCount "87"]
[EventDate "2009.08.15"]
[EventType "schev"]

1. e4 c5 2. Nf3 d6 3. d4 cxd4 4. Qxd4 a6 5. c4 Nc6 6. Qe3 g6 7. h3 Bg7 8. Be2
Nf6 9. O-O O-O 10. Rd1 Nd7 11. Nc3 Nc5 12. Rb1 a5 13. b3 Bd7 14. Bb2 Ne5 15.
Nxe5 Bxe5 16. f4 Bg7 17. e5 Bc6 18. Nd5 Re8 19. Bd4 Nd7 20. e6 fxe6 21. Qxe6+
Kh8 22. Bf3 Bxd4+ 23. Rxd4 Nc5 24. Qe3 e5 25. Rd2 Nd7 26. Qc3 g5 27. fxe5 Rxe5
28. Rf1 Bxd5 29. Bxd5 Qb6+ 30. Kh2 Rf8 31. Rxf8+ Nxf8 32. Qf3 Qd8 33. Bxb7 Kg7
34. Qc3 Qf6 35. Qf3 Rf5 36. Qg3 Re5 37. Rf2 Qd8 38. Bd5 Ng6 39. Qg4 Kh6 40. Rf7
Re7 41. Rf5 Re1 42. Bf3 Re5 43. Rf7 Nf4 44. h4 1-0

[Event "RUS-CHN Match Standard"]
[Site "Sochi RUS"]
[Date "2009.08.16"]
[Round "2"]
[White "Zhou Jianchao"]
[Black "Vitiugov, N."]
[Result "0-1"]
[WhiteElo "2623"]
[BlackElo "2681"]
[PlyCount "128"]
[EventDate "2009.08.15"]
[EventType "schev"]

1. Nf3 d5 2. d4 Nf6 3. c4 e6 4. Nc3 Bb4 5. cxd5 exd5 6. Bg5 Nbd7 7. Qa4 c5 8.
dxc5 Bxc3+ 9. bxc3 O-O 10. Qb4 h6 11. Bh4 Re8 12. e3 a5 13. Qa3 Qe7 14. Bb5
Nxc5 15. O-O Nce4 16. Qb2 Bd7 17. Bd3 Rac8 18. Bxf6 Qxf6 19. Nd4 b6 20. Bxe4
dxe4 21. Rfb1 Qg5 22. Ne2 Rc6 23. c4 Be6 24. Nd4 Rxc4 25. Qxb6 Bh3 26. g3 Qg4
27. Qb3 Rec8 28. Qd1 Qg6 29. Rc1 Qa6 30. Qd2 a4 31. a3 Kh7 32. Re1 Rc3 33. Qe2
Qxe2 34. Nxe2 Rc2 35. Nd4 Rb2 36. Re2 Rcb8 37. Rxb2 Rxb2 38. Nc6 g5 39. Ne5 Be6
40. Nc6 Bh3 41. Ne5 Kg7 42. Nc4 Rb8 43. Nd6 f5 44. Nc4 Kf6 45. Rd1 Rb3 46. Rc1
Ke6 47. Kh1 h5 48. Kg1 h4 49. gxh4 gxh4 50. f3 exf3 51. Kf2 Bg4 52. h3 Bxh3 53.
Rh1 Bg4 54. e4 fxe4 55. Rxh4 Bf5 56. Rh6+ Ke7 57. Ne3 Bd7 58. Nd5+ Kf7 59. Rf6+
Kg7 60. Rd6 Bf5 61. Ne3 Bg6 62. Nc4 Rc3 63. Ne5 Rc2+ 64. Ke3 Re2+ 0-1

[Event "RUS-CHN Match Standard"]
[Site "Sochi RUS"]
[Date "2009.08.16"]
[Round "2"]
[White "Nepomniachtchi, I."]
[Black "Ding Liren"]
[Result "1/2-1/2"]
[WhiteElo "2632"]
[BlackElo "2530"]
[PlyCount "63"]
[EventDate "2009.08.15"]
[EventType "schev"]

1. e4 e6 2. d4 d5 3. Nc3 dxe4 4. Nxe4 Nd7 5. Nf3 Ngf6 6. Nxf6+ Nxf6 7. Be3 Nd5
8. Bd2 c5 9. Bb5+ Bd7 10. Bxd7+ Qxd7 11. c4 Nb6 12. Rc1 Be7 13. dxc5 Bxc5 14.
b4 Be7 15. c5 Nd5 16. Ne5 Qc7 17. Qa4+ Kf8 18. Nc4 h5 19. O-O h4 20. h3 Rh5 21.
Rfe1 a6 22. Qd1 Rf5 23. Qe2 Rd8 24. a3 Kg8 25. Ne5 Bf6 26. Nf3 Qc6 27. Rcd1 Qa4
28. Bc1 Rd7 29. Qd3 Nb6 30. Qe2 Nd5 31. Qd3 Nb6 32. Qe2 1/2-1/2

[Event "RUS-CHN Match Standard"]
[Site "Sochi RUS"]
[Date "2009.08.17"]
[Round "3"]
[White "Malakhov, V."]
[Black "Ni Hua"]
[Result "1-0"]
[WhiteElo "2707"]
[BlackElo "2701"]
[PlyCount "71"]
[EventDate "2009.08.15"]
[EventType "schev"]

1. Nf3 Nf6 2. c4 c6 3. d4 d5 4. e3 a6 5. Bd2 e6 6. Qc2 Nbd7 7. Nc3 c5 8. cxd5
exd5 9. g4 h6 10. Bg2 Be7 11. h4 cxd4 12. Nxd4 Nxg4 13. Nxd5 O-O 14. Nf5 Bf6
15. Bb4 Re8 16. O-O-O a5 17. Nxf6+ Qxf6 18. Bc3 Nde5 19. Nd6 Rd8 20. Ne4 Rxd1+
21. Rxd1 Qxh4 22. Qd2 Bf5 23. f4 Nc6 24. Nd6 Be6 25. Bxc6 bxc6 26. Qd4 f6 27.
Qe4 Bxa2 28. Qg6 Rd8 29. b3 Bxb3 30. Rg1 Rxd6 31. Rxg4 Qh1+ 32. Kb2 Kf8 33. Rg1
Qf3 34. Qxg7+ Ke8 35. Kxb3 Qd5+ 36. Kb2 1-0

[Event "RUS-CHN Match Standard"]
[Site "Sochi RUS"]
[Date "2009.08.17"]
[Round "3"]
[White "Tomashevsky, E."]
[Black "Bu Xiangzhi"]
[Result "1/2-1/2"]
[WhiteElo "2689"]
[BlackElo "2702"]
[PlyCount "31"]
[EventDate "2009.08.15"]
[EventType "schev"]

1. Nf3 Nf6 2. c4 c6 3. d4 d5 4. e3 g6 5. Nc3 Bg7 6. Be2 O-O 7. O-O a6 8. a4
Nbd7 9. cxd5 cxd5 10. Bd2 b6 11. Qb3 Bb7 12. Rfd1 Rc8 13. Rac1 e6 14. Na2 Rxc1
15. Nxc1 Qb8 16. Nd3 1/2-1/2

[Event "RUS-CHN Match Standard"]
[Site "Sochi RUS"]
[Date "2009.08.17"]
[Round "3"]
[White "Wang Yue"]
[Black "Timofeev, Arty"]
[Result "1-0"]
[WhiteElo "2736"]
[BlackElo "2681"]
[PlyCount "126"]
[EventDate "2009.08.15"]
[EventType "schev"]

1. d4 d5 2. Nf3 e6 3. c4 c6 4. e3 Bd6 5. b3 f5 6. Be2 Nf6 7. O-O O-O 8. Ba3 b6
9. Qc1 Bb7 10. Nbd2 Ne4 11. Bxd6 Qxd6 12. Qb2 a5 13. Ne5 Nxd2 14. Qxd2 Nd7 15.
Nxd7 Qxd7 16. Rac1 Qe7 17. Rfd1 Qa3 18. Rc2 Rfc8 19. Bf3 b5 20. cxb5 cxb5 21.
Rdc1 Rxc2 22. Rxc2 Rc8 23. Rxc8+ Bxc8 24. Qc3 Bd7 25. Qc7 Kf8 26. g4 fxg4 27.
Qd8+ Be8 28. Bxg4 Qe7 29. Qb6 Bd7 30. Kf1 a4 31. bxa4 bxa4 32. Qb8+ Kf7 33.
Qf4+ Kg8 34. Qb8+ Kf7 35. Qf4+ Kg8 36. Qb8+ Kf7 37. Bh5+ g6 38. Be2 Qa3 39. Qd8
Be8 40. Qc7+ Kf8 41. Qc5+ Qxc5 42. dxc5 a3 43. Ke1 e5 44. Kd2 Bf7 45. Kc3 d4+
46. Kb4 Bxa2 47. Kxa3 Bb1 48. exd4 exd4 49. Kb4 d3 50. Bg4 Ke7 51. Kc3 Kd8 52.
Kd2 Kc7 53. Bf3 Kd7 54. Be4 Ke6 55. Bxd3 Bxd3 56. Kxd3 Kd5 57. Ke3 Kxc5 58. Kf4
Kd5 59. Kg5 Ke6 60. Kh6 Kf5 61. Kxh7 g5 62. h3 Kf6 63. Kh6 Kf5 1-0

[Event "RUS-CHN Match Standard"]
[Site "Sochi RUS"]
[Date "2009.08.18"]
[Round "4"]
[White "Malakhov, V."]
[Black "Zhou Jianchao"]
[Result "1/2-1/2"]
[WhiteElo "2707"]
[BlackElo "2623"]
[PlyCount "115"]
[EventDate "2009.08.15"]
[EventType "schev"]

1. c4 Nf6 2. Nf3 g6 3. Nc3 d5 4. cxd5 Nxd5 5. Qa4+ Nc6 6. Ne5 Qd6 7. Nxc6 Qxc6
8. Qxc6+ bxc6 9. g3 Bg7 10. Bg2 Be6 11. b3 O-O-O 12. Bxd5 cxd5 13. Bb2 d4 14.
Na4 Bd5 15. O-O h5 16. d3 e5 17. h4 f5 18. Bc1 Rd6 19. Bd2 Rc6 20. Rac1 Re8 21.
Rxc6 Bxc6 22. Nc5 Bf8 23. Rc1 Bxc5 24. Rxc5 Kb7 25. Kf1 Kb6 26. Rc1 Bb5 27. Bb4
e4 28. Bc5+ Kb7 29. a4 Bc6 30. Bxa7 exd3 31. exd3 Bf3 32. Bxd4 Re2 33. Bc3 Ra2
34. a5 Be2+ 35. Kg2 f4 36. gxf4 Bxd3 37. Be5 Rxa5 38. Rxc7+ Ka6 39. Bd4 Rd5 40.
Be3 Be4+ 41. f3 Bf5 42. Ra7+ Kb5 43. Kf2 Kb4 44. Rb7+ Kc3 45. b4 Kc4 46. Bc5
Rd2+ 47. Ke3 Rd3+ 48. Ke2 Rd7 49. Rb8 Rd5 50. Bf8 Bh3 51. Rb7 Bf5 52. Bc5 Rd8
53. Re7 Rd5 54. Re5 Bc2 55. Bf8 Bf5 56. Re8 Bb1 57. Rc8+ Kb5 58. Rb8+ 1/2-1/2

[Event "RUS-CHN Match Standard"]
[Site "Sochi RUS"]
[Date "2009.08.18"]
[Round "4"]
[White "Bu Xiangzhi"]
[Black "Nepomniachtchi, I."]
[Result "1/2-1/2"]
[WhiteElo "2702"]
[BlackElo "2632"]
[PlyCount "86"]
[EventDate "2009.08.15"]
[EventType "schev"]

1. c4 e5 2. Nc3 Nf6 3. g3 d5 4. cxd5 Nxd5 5. Bg2 Nb6 6. d3 Be7 7. Be3 O-O 8.
Rc1 Kh8 9. a4 Nc6 10. Nf3 a5 11. O-O f5 12. Nb5 Nd5 13. Bc5 Be6 14. Qd2 Bg8 15.
h4 Bxc5 16. Rxc5 Qe7 17. Rfc1 Rad8 18. Qg5 Rf6 19. h5 h6 20. Qh4 e4 21. dxe4
fxe4 22. Nh2 e3 23. f4 Nb6 24. Ng4 Nxa4 25. Nxf6 Nxc5 26. Nxg8 Qxh4 27. gxh4
Nb3 28. Rc3 Nbd4 29. Nxd4 Nxd4 30. Rxe3 Kxg8 31. Bxb7 Rb8 32. Bd5+ Kf8 33. Re4
c5 34. e3 Ne2+ 35. Kf2 Rxb2 36. Kf3 Nc3 37. Re5 Nxd5 38. Rxd5 Rb5 39. Rd7 c4
40. Rc7 a4 41. Ra7 Rxh5 42. Rxa4 Rc5 43. Ke4 c3 1/2-1/2

[Event "RUS-CHN Match Standard"]
[Site "Sochi RUS"]
[Date "2009.08.19"]
[Round "5"]
[White "Timofeev, Arty"]
[Black "Bu Xiangzhi"]
[Result "1/2-1/2"]
[WhiteElo "2681"]
[BlackElo "2702"]
[PlyCount "33"]
[EventDate "2009.08.15"]
[EventType "schev"]

1. d4 Nf6 2. c4 e6 3. Nc3 Bb4 4. f3 d5 5. a3 Bxc3+ 6. bxc3 c5 7. cxd5 Nxd5 8.
dxc5 Qa5 9. e4 Nf6 10. Be3 O-O 11. Qb3 Nfd7 12. Nh3 Qc7 13. Qb4 Nc6 14. Qa4 Na5
15. Qb4 Nc6 16. Qa4 Na5 17. Qb4 1/2-1/2